Yoga, Bhoga and Ardhanariswara: (Record no. 19115)

MARC details
000 -LEADER
fixed length control field 01078nam a22002657a 4500
008 - FIXED-LENGTH DATA ELEMENTS--GENERAL INFORMATION
fixed length control field 081125t xxu||||| |||| 00| 0 eng d
010 ## - LCCN (DPL NO)
LC control number ENG-91825
020 ## - INTERNATIONAL STANDARD BOOK NUMBER
International Standard Book Number 9780415480017
Terms of availability 650.00
035 ## - SYSTEM CONTROL NUMBER
System control number EN-75358
037 ## - SOURCE OF ACQUISITION
Source of stock number/acquisition DBAD / PUB
040 ## - CATALOGING SOURCE
Original cataloging agency dpl
Language of cataloging English
082 ## - DEWEY DECIMAL CLASSIFICATION NUMBER
Classification number 230.65
100 ## - MAIN ENTRY--PERSONAL NAME
Personal name Saran, Prem
245 ## - TITLE STATEMENT
Title Yoga, Bhoga and Ardhanariswara:
Statement of responsibility, etc by Prem Saran
Remainder of title individuality, wellbeing and gender in tantra /
260 ## - PUBLICATION, DISTRIBUTION, ETC. (IMPRINT)
Place of publication, distribution, etc New Delhi
Name of publisher, distributor, etc Routledge
Date of publication, distribution, etc 2008
270 ## - ADDRESS
Address 912-915, Tolstoy House, 15-17, Tolstoy Marg,
City New Delhi
Postal code 110001
300 ## - PHYSICAL DESCRIPTION
Extent xv, 242p.
Dimensions 25cm (Hb)
500 ## - GENERAL NOTE
General note Includes bibliiographical references and index
650 ## - SUBJECT ADDED ENTRY--TOPICAL TERM
Topical term or geographic name as entry element Tantrism
Geographic subdivision South Asia
650 ## - SUBJECT ADDED ENTRY--TOPICAL TERM
Topical term or geographic name as entry element Tantric Buddhism
Geographic subdivision South Asia
650 ## - SUBJECT ADDED ENTRY--TOPICAL TERM
Topical term or geographic name as entry element Individualism
General subdivision Moral & ethical aspects
650 ## - SUBJECT ADDED ENTRY--TOPICAL TERM
Topical term or geographic name as entry element Sexism in religion
General subdivision Cross-cultural studies
942 ## - ADDED ENTRY ELEMENTS (KOHA)
Source of classification or shelving scheme Dewey Decimal Classification
Item type English Books
Call number suffix SAR
Classification part 230.65
Holdings
Withdrawn status Lost status Source of classification or shelving scheme Damaged status Not for loan Collection code Home library Current library Date acquired Source of acquisition Cost, normal purchase price Total Checkouts Full call number Barcode Date last seen Copy number Cost, replacement price Koha item type
    Dewey Decimal Classification   Not For Loan Non-fiction D.B.Act.Division D.B.Act.Division 25/11/2008 DBAD / PUB 650.00   230.65 SAR EN-75358 25/11/2008 1 650.00 English Books

© Delhi Public Library
Hit Counter
free hit counter